[Event "Oviedo op 8th"]
[Site "Oviedo"]
[Date "2022.07.23"]
[Round "9"]
[White "Garcia Sanz, Daniel"]
[Black "Siscar Conill, Aitor"]
[Result "1-0"]
[WhiteElo "1649"]
[BlackElo "1846"]
[PlyCount "103"]
[EventDate "2022.07.17"]
[EventType "swiss"]
[EventRounds "9"]
[EventCountry "ESP"]
[SourceTitle "CBM 209 Extra"]
[Source "ChessBase"]
[SourceDate "2022.09.30"]
[SourceVersion "1"]
[SourceVersionDate "2022.09.30"]
[SourceQuality "1"]

1. e4 c5 2. Nf3 Nc6 3. d4 cxd4 4. Nxd4 g6 5. c4 Bg7 6. Be3 Nf6 7. Nc3 0-0 8. Be2 d6 9. 0-0 Bd7 10. h3 Nxd4 11. Bxd4 Bc6 12. Qc2 a5 13. Rad1 Nd7 14. Bxg7 Kxg7 15. Bg4 Nc5 16. e5 f5 17. Be2 f4 18. Nd5 Bxd5 19. Rxd5 e6 20. Rxd6 Qg5 21. Qc3 Rf5 22. Bf3 Raf8 23. Re1 R8f7 24. Qxa5 Rxe5 25. Qc3 Rff5 26. Bg4 Na4 27. Qd4 Kh6 28. Rxe6 Rxe6 29. Rxe6 f3 30. Qe3 Ra5 31. b4 Ra8 32. Bxf3 Nb2 33. Qxg5+ Kxg5 34. Bxb7 Ra7 35. Ba6 Kf5 36. Bc8 Kf4 37. c5 Nd3 38. h4 Ra8 39. g3+ Kf5 40. Re3+ Rxc8 41. Rxd3 Ra8 42. b5 Ke4 43. Rd2 Ra5 44. Rb2 Kd5 45. b6 Ra8 46. Rc2 Kc6 47. Kg2 h5 48. Kf3 Ra4 49. Rb2 Ra8 50. Kf4 Kxc5 51. b7 Rb8 52. a4 1-0

[Event "Oviedo op 8th"]
[Site "Oviedo"]
[Date "2022.07.20"]
[Round "6"]
[White "Madiedo Alvarez, Iker"]
[Black "Garcia Sanz, Daniel"]
[Result "0-1"]
[WhiteElo "1054"]
[BlackElo "1649"]
[PlyCount "68"]
[EventDate "2022.07.17"]
[EventType "swiss"]
[EventRounds "9"]
[EventCountry "ESP"]
[SourceTitle "CBM 209 Extra"]
[Source "ChessBase"]
[SourceDate "2022.09.30"]
[SourceVersion "1"]
[SourceVersionDate "2022.09.30"]
[SourceQuality "1"]

1. d4 d5 2. c4 e6 3. Nc3 a6 4. Nf3 dxc4 5. e4 b5 6. Bf4 Bb7 7. Qc2 Nf6 8. e5 Nd5 9. Nxd5 Bxd5 10. Be2 Nc6 11. 0-0 Bxf3 12. Bxf3 Nxd4 13. Qe4 Nxf3+ 14. Qxf3 Qd5 15. Qg3 Qd3 16. Qh4 Be7 17. Qg4 Qg6 18. Qf3 0-0 19. Qc6 Bg5 20. Bxg5 Qxg5 21. Qxc7 Rfc8 22. Qd6 Rd8 23. f4 Rxd6 24. fxg5 Rd2 25. Rad1 Rxb2 26. Rd7 Rf8 27. a4 c3 28. Rc7 b4 29. Rc1 Ra2 30. Rc4 a5 31. Kf1 Rxa4 32. R1xc3 Ra1+ 33. Rc1 Rxc1+ 34. Rxc1 a4 0-1

[Event "Madrid Chamartin op 8th"]
[Site "Madrid"]
[Date "2019.09.15"]
[Round "9"]
[White "Castro Uceda, Jose Antonio"]
[Black "Garcia Sanz, Daniel"]
[Result "0-1"]
[WhiteElo "1518"]
[BlackElo "1569"]
[PlyCount "102"]
[EventDate "2019.09.09"]
[EventType "swiss"]
[EventRounds "9"]
[EventCountry "ESP"]
[SourceTitle "CBM 192 Extra"]
[Source "Chessbase"]
[SourceDate "2019.11.06"]
[SourceVersion "1"]
[SourceVersionDate "2019.11.06"]
[SourceQuality "1"]

1. e4 c5 2. Nf3 d6 3. c3 Nf6 4. Be2 Nc6 5. d3 g6 6. 0-0 Bg7 7. Bg5 0-0 8. Qd2 Re8 9. Bh6 Bh8 10. h3 e5 11. Bd1 d5 12. exd5 Nxd5 13. Bg5 Qd6 14. Na3 a6 15. Nc4 Qc7 16. a4 Be6 17. Re1 b5 18. Ne3 Nf6 19. Bh4 Rad8 20. Qc2 b4 21. Nc4 Bf5 22. Be2 e4 23. dxe4 Rxe4 24. Bd3 Rxd3 25. Bg3 Qd8 26. Qb3 Rxe1+ 27. Rxe1 Ne4 28. Nce5 Nxe5 29. Bxe5 Bxe5 30. Nxe5 Qd5 31. Qc2 Rd2 32. Qc1 Ng5 33. c4 Qd4 34. Rf1 Qxb2 35. Qe1 Re2 36. Qd1 Qxe5 37. Qd8+ Qe8 38. Qxg5 Qxa4 39. h4 h5 40. Qd8+ Qe8 41. Qb6 Re1 42. Qxc5 Rxf1+ 43. Kxf1 Bd3+ 44. Kg1 Qe1+ 45. Kh2 Qc3 46. Qc8+ Kg7 47. Qxa6 Qxc4 48. Qa1+ Qc3 49. Qa5 Qb2 50. Qd5 Qc3 51. f4 b3 0-1